Lectures on the philosophy of religion / (Record no. 90733)
[ view plain ]
| 000 -LEADER | |
|---|---|
| campo de control de longitud fija | 01747cam a2200433 a 4500 |
| 001 - NÚMERO DE CONTROL | |
| campo de control | 87643 |
| 005 - FECHA Y HORA DE LA ÚLTIMA TRANSACCIÓN | |
| campo de control | 20230410132941.0 |
| 008 - DATOS DE LONGITUD FIJA--INFORMACIÓN GENERAL | |
| campo de control de longitud fija | 830620m19841987cau b s001 0 eng |
| 010 ## - NÚMERO DE CONTROL DE LA BIBLIOTECA DEL CONGRESO | |
| Número de control de LC | 83009132 |
| 035 ## - NÚMERO DE CONTROL DEL SISTEMA | |
| Número de control de sistema | (OCoLC)ocm09687005 |
| 040 ## - FUENTE DE CATALOGACIÓN | |
| Centro catalogador/agencia de origen | DLC |
| Centro/agencia transcriptor | DLC |
| Centro/agencia modificador | OCL |
| -- | BAKER |
| -- | BTCTA |
| -- | LVB |
| -- | YDXCP |
| -- | OCLCG |
| -- | IG# |
| 020 ## - NÚMERO INTERNACIONAL ESTÁNDAR DEL LIBRO | |
| Número Internacional Estándar del Libro | 0520046765 (set) |
| 020 ## - NÚMERO INTERNACIONAL ESTÁNDAR DEL LIBRO | |
| Número Internacional Estándar del Libro | 9780520046764 (set) |
| 020 ## - NÚMERO INTERNACIONAL ESTÁNDAR DEL LIBRO | |
| Número Internacional Estándar del Libro | 0520203712 (v. 1) (pbk.) |
| 020 ## - NÚMERO INTERNACIONAL ESTÁNDAR DEL LIBRO | |
| Número Internacional Estándar del Libro | 9780520203716 |
| 035 ## - NÚMERO DE CONTROL DEL SISTEMA | |
| Número de control de sistema | (OCoLC)9687005 |
| 041 1# - CÓDIGO DE IDIOMA | |
| Código de lengua del texto/banda sonora o título independiente | eng |
| Código de lengua original | ger |
| 050 14 - SIGNATURA TOPOGRÁFICA DE LA BIBLIOTECA DEL CONGRESO | |
| Número de clasificación | B 2939 |
| Número de ítem | H462v 1984 |
| 082 00 - NÚMERO DE LA CLASIFICACIÓN DECIMAL DEWEY | |
| Número de clasificación | 200.1 |
| 049 ## - FONDOS LOCALES (OCLC) | |
| Biblioteca depositaria | GRAL |
| 100 1# - ENTRADA PRINCIPAL--NOMBRE DE PERSONA | |
| Nombre de persona | Hegel, Georg Wilhelm Friedrich, |
| Fechas asociadas al nombre | 1770-1831. |
| 240 10 - TÍTULO UNIFORME | |
| Título uniforme | Vorlesungen èuber die Philosophie der Religion. |
| Lenguaje de la obra | English |
| 245 10 - MENCIÓN DEL TÍTULO | |
| Título | Lectures on the philosophy of religion / |
| Mención de responsabilidad, etc. | Georg Wilhelm Friedrich Hegel ; edited by Peter C. Hodgson ; translated by R.F. Brown, P.C. Hodgson, and J.M. Stewart, with the assistance of J.P. Fitzer and H.S. Harris. |
| 260 ## - PUBLICACIÓN, DISTRIBUCIÓN, ETC. | |
| Lugar de publicación, distribución, etc. | Berkeley : |
| Nombre del editor, distribuidor, etc. | University of California Press, |
| Fecha de publicación, distribución, etc. | c1984-c1987. |
| 300 ## - DESCRIPCIÓN FÍSICA | |
| Extensión | 1v. ; |
| Dimensiones | 24 cm. |
| 500 ## - NOTA GENERAL | |
| Nota general | Translation of: Vorlesungen èuber die Philosophie der Religion. |
| 504 ## - NOTA DE BIBLIOGRAFÍA, ETC. | |
| Nota de bibliografía, etc. | Includes bibliographical references and indexes. |
| 505 0# - NOTA DE CONTENIDO CON FORMATO | |
| Nota de contenido con formato | v. 1. Introduction and the concept of religion -- v. 2. Determinate religion -- v. 3. The consummate religion. |
| 650 #0 - PUNTO DE ACCESO ADICIONAL DE MATERIA--TÉRMINO DE MATERIA | |
| Término de materia o nombre geográfico como elemento de entrada | Religion |
| Subdivisión general | Philosophy. |
| 650 #6 - PUNTO DE ACCESO ADICIONAL DE MATERIA--TÉRMINO DE MATERIA | |
| Término de materia o nombre geográfico como elemento de entrada | Religion |
| Subdivisión general | Philosophie. |
| 650 #4 - PUNTO DE ACCESO ADICIONAL DE MATERIA--TÉRMINO DE MATERIA | |
| Término de materia o nombre geográfico como elemento de entrada | Religión |
| Subdivisión general | Filosofía. |
| 700 1# - ENTRADA AGREGADA--NOMBRE PERSONAL | |
| Nombre de persona | Hodgson, Peter Crafts, |
| Fechas asociadas al nombre | 1934- |
| 938 ## - | |
| -- | Baker and Taylor |
| -- | BTCP |
| -- | 83009132 //r913 |
| 938 ## - | |
| -- | Baker & Taylor |
| -- | BKTY |
| -- | 65.00 |
| -- | 65.00 |
| -- | 0520046765 |
| -- | 0000844468 |
| -- | active |
| 938 ## - | |
| -- | YBP Library Services |
| -- | YANK |
| -- | 446661 |
| 938 ## - | |
| -- | Ingram |
| -- | INGR |
| -- | 9780520046764 |
| 942 ## - ELEMENTOS DE ENTRADA SECUNDARIOS (KOHA) | |
| Fuente del sistema de clasificación o colocación | Clasificación de Library of Congress |
| Tipo de ítem Koha | |
| 994 ## - | |
| -- | C0 |
| -- | DRFGD |
| Estatus retirado | Estado de pérdida | Fuente del sistema de clasificación o colocación | Estado de daño | No para préstamo | Colección | Biblioteca de origen | Biblioteca actual | Ubicación en estantería | Fecha de adquisición | Serial enumeration / chronology | Signatura topográfica completa | Código de barras | Visto por última vez | Copia número | Tipo de ítem Koha |
|---|---|---|---|---|---|---|---|---|---|---|---|---|---|---|---|
| Clasificación de Library of Congress | Humanidades | Biblioteca Juan Bosch | Biblioteca Juan Bosch | Humanidades (4to. Piso) | 10/04/2023 | v.1 | B 2939 H462v 1984 | 00000078961 | 17/11/2018 | 1 |
